000
00311nam a22001337a 4500
008
170929b xxu||||| |||| 00| 0 eng d
020
_a
9780872070080
041
_a
eng
080
_a
37
100
_a
47
101
_a
EDU
245
_a
DISCOVERING WHAT WORKS FOR STRUGGLING READERS
_c
WIRT, B
942
_2
udc
_c
BK
999
_c
30842
_d
30842